Ecología: segundo curso de biología (Registro nro. 10917)

Detalles MARC
000 -CABECERA
Campo de control 004250000a22001570004500
090 ## - CLASIFICACIÓN LOCAL
Colección AR
Consecutivo 01840
041 0# - IDIOMA
Código de idioma para texto/pista de sonido o título separado
100 1# - ASIENTO PRINCIPAL--NOMBRE PERSONAL
Nombre personal Hoffman, Forrest M.
245 10 - MENCION DE TITULO
Título Ecología: segundo curso de biología
650 14 - ASIENTO SECUNDARIO DE MATERIA - TERMINO TEMATICO
Término temático o nombre geográfico como elemento de entrada Programas académicos
650 14 - ASIENTO SECUNDARIO DE MATERIA - TERMINO TEMATICO
Término temático o nombre geográfico como elemento de entrada Ecología
650 14 - ASIENTO SECUNDARIO DE MATERIA - TERMINO TEMATICO
Término temático o nombre geográfico como elemento de entrada Biología
650 14 - ASIENTO SECUNDARIO DE MATERIA - TERMINO TEMATICO
Término temático o nombre geográfico como elemento de entrada Gradientes de diversidad
773 1# - Item fuente:
Título Preprint
Especificación de materiales 3
Paginas del Articulo 1-13
Lugar, editorial y fecha de publicación 1997?
942 ## - ELEMENTOS ADICIONALES (KOHA)
Tipo de ítem Artículo
Existencias
Withdrawn status Lost status Damaged status No para préstamo Colección Ubicación Permanente Ubicación actual Fecha de adquisición Fuente de Valor Datos de publicación Seriada Total Checkouts Número topográfico Inventario / Código de Barras Date last seen Ejemplar Price effective from Forma de adquisición Tipo de material
      No para Préstamo Hemeroteca Bogotá Bogotá 27/02/2015 Gast, Fernando Fuera de circulación   AR 01840 012204 25/03/2015 1 25/03/2015   Artículo